Представление документа в формате MARC21

ПолеНазваниеЗначение
  Тип записи a
  Библиографический уровень m
001 Контрольный номер RU/URAIT/598541
005 Дата корректировки 20260429163702.7
008 Кодируемые данные 260429s2026 RU y f j 000 0 rus u
020 Индекс ISBN __
a ISBN 978-5-534-18655-0
c Цена, тираж 2239.00
040 Источник каталогиз. __
a Служба первич. каталог. ИКО Юрайт
c Служба, преобразующая запись ИКО Юрайт
e Правила каталог. RCR
041 Код языка издания __
a Код языка текста rus
044 Код страны публикации __
a Код страны публикации RU
080 Индекс УДК __
a Индекс УДК 620.18(075.32)
084 Индекс другой классификации/Индекс ББК __
2 Источник индекса rubbk
a Индекс другой классификации/Индекс ББК 30.3я723
100 Автор __
a Автор Плошкин В. В.
q Полное имя Плошкин Всеволод Викторович
245 Заглавие __
a Заглавие Материаловедение
b Продолж. заглавия учебник для спо
c Ответственность В. В. Плошкин.
250 Сведения об издании __
g пер. и доп
a Основные сведения об издании 4-е изд.
256 Характеристики компьютерного файла __
a Характеристики компьютерного файла Электрон. дан.
260 Выходные данные __
a Место издания Москва
b Издательство Юрайт
c Дата издания 2026
300 Физическое описание __
a Объем 434 с
440 Серия __
a Серия Профессиональное образование
500 Примечания __
a Примечание URL: https://urait.ru/bcode/598541 (дата обращения: 29.04.2026).
520 Аннотация __
a Аннотация В курсе рассмотрено кристаллическое строение металлов, воздействие на их структуру и свойства процессов кристаллизации, пластической деформации и рекристаллизации, описаны фазы, образующиеся в сплавах. Представлены основы современного металлургического производства, механические свойства металлов и сплавов, процессы термической и химико-термической обработки стали и др. Рассмотрены конструкционные, инструментальные, нержавеющие и жаропрочные стали, сплавы с особыми физическими свойствами и сплавы на основе цветных металлов, неметаллические и композиционные машиностроительные материалы, особенности нанокристаллических материалов. Освещены вопросы стандартизации, сертификации и управления качеством материалов.
538 Прим. о системных особенностях __
a Прим. о системных особенностях Режим доступа: Электронно-библиотечная система Юрайт, для авториз. пользователей
653 Ключевые слова __
a Ключевые слова Материаловедение
653 Ключевые слова __
a Ключевые слова Технические науки
653 Ключевые слова __
a Ключевые слова Безопасность жизнедеятельности
653 Ключевые слова __
a Ключевые слова Основы безопасности жизнедеятельности
653 Ключевые слова __
a Ключевые слова Материаловедение
653 Ключевые слова __
a Ключевые слова Архитектурное материаловедение
653 Ключевые слова __
a Ключевые слова Основы технологии материалов
653 Ключевые слова __
a Ключевые слова Строительные материалы
653 Ключевые слова __
a Ключевые слова Технология конструкционных материалов
653 Ключевые слова __
a Ключевые слова Материаловедение. Технология конструкционных материалов
653 Ключевые слова __
a Ключевые слова Материаловедение и технология конструкционных материалов
653 Ключевые слова __
a Ключевые слова Основы материаловедения
653 Ключевые слова __
a Ключевые слова Общее материаловедение и технологии материалов
653 Ключевые слова __
a Ключевые слова Строительные материалы и изделия
653 Ключевые слова __
a Ключевые слова Материалы и изделия
653 Ключевые слова __
a Ключевые слова Материаловедение и технологическое оборудование
653 Ключевые слова __
a Ключевые слова Материаловедение, электрорадиоматериалы и радиокомпоненты
653 Ключевые слова __
a Ключевые слова Материалы и изделия сантехнических устройств и систем обеспечения микроклимата
653 Ключевые слова __
a Ключевые слова Металловедение
653 Ключевые слова __
a Ключевые слова Основы материаловедения и технологии обработки материалов на металлорежущих станках
653 Ключевые слова __
a Ключевые слова Основы материаловедения и технология общеслесарных работ
653 Ключевые слова __
a Ключевые слова Электроматериаловедение
653 Ключевые слова __
a Ключевые слова Основы технической механики и слесарных работ
653 Ключевые слова __
a Ключевые слова Электронное материаловедение
653 Ключевые слова __
a Ключевые слова Материаловедение и основы технологии композитов
653 Ключевые слова __
a Ключевые слова Общее и специальное материаловедение
653 Ключевые слова __
a Ключевые слова Основы электроматериаловедения
653 Ключевые слова __
a Ключевые слова Материаловедение и технология
653 Ключевые слова __
a Ключевые слова Безопасность жизнедеятельности (общий курс)
653 Ключевые слова __
a Ключевые слова Безопасность жизнедеятельности в профессиональной сфере
653 Ключевые слова __
a Ключевые слова Технологии конструкционных материалов
653 Ключевые слова __
a Ключевые слова Современные строительные материалы
653 Ключевые слова __
a Ключевые слова Материаловедение, технологии конструкционных материалов
653 Ключевые слова __
a Ключевые слова Безопасные условия жизнедеятельности
653 Ключевые слова __
a Ключевые слова жизнедеятельности и здорового образа
653 Ключевые слова __
a Ключевые слова Основы металловедения
653 Ключевые слова __
a Ключевые слова Материаловедение и ТКМ
653 Ключевые слова __
a Ключевые слова Материаловедение и технология материалов
653 Ключевые слова __
a Ключевые слова Материаловедение и технология конструктивных материалов
653 Ключевые слова __
a Ключевые слова Материаловедение. Общие вопросы
653 Ключевые слова __
a Ключевые слова Здоровье и безопасности жизнедеятельности
653 Ключевые слова __
a Ключевые слова Безопасность жизнедеятельности. Общие вопросы
653 Ключевые слова __
a Ключевые слова Общее материаловедение
653 Ключевые слова __
a Ключевые слова Основы современного материаловедения
653 Ключевые слова __
a Ключевые слова Здоровья и безопасности жизнедеятельности
653 Ключевые слова __
a Ключевые слова БЖД
653 Ключевые слова __
a Ключевые слова Технология конструкционных материалов и материаловедение
653 Ключевые слова __
a Ключевые слова Технология материалов и материаловедение
653 Ключевые слова __
a Ключевые слова Безопасная жизнедеятельность
653 Ключевые слова __
a Ключевые слова Основы БЖД
653 Ключевые слова __
a Ключевые слова Общее материаловедение и технология материалов
653 Ключевые слова __
a Ключевые слова Современное материаловедение
653 Ключевые слова __
a Ключевые слова Основы комплексной безопасности
653 Ключевые слова __
a Ключевые слова Введение в материаловедение
653 Ключевые слова __
a Ключевые слова здоровье и Безопасность жизнедеятельности
653 Ключевые слова __
a Ключевые слова Обеспечение безопасности жизнедеятельности
653 Ключевые слова __
a Ключевые слова Материаловедение и ТМ
653 Ключевые слова __
a Ключевые слова Основы безопасности и жизнедеятельности
653 Ключевые слова __
a Ключевые слова Современные строительные материалы и изделия
653 Ключевые слова __
a Ключевые слова Азбука безопасности и выживания человека в экстремальных ситуациях
653 Ключевые слова __
a Ключевые слова Основы материаловедения и технологии общеслесарных работ
653 Ключевые слова __
a Ключевые слова Материаловедение и основы древесиноведения
653 Ключевые слова __
a Ключевые слова Основы материаловедения и общеслесарных работ
653 Ключевые слова __
a Ключевые слова Выполнение типовых формовочных, гуммировочных работ
856 Электронный адрес документа 40
n Местонахождение сервера Юрайт
g Электронная книга
q Тип электронного формата html
h Имя пользователя ЮРАЙТ
v Часы доступа к ресурсу 20271231
2 Способ доступа Показать документ
x Служебное примечание https://urait.ru/book/cover/D56324B6-7827-4DBD-8552-9C280A852AA9
u URL https://urait.ru/bcode/598541
856 Электронный адрес документа 48
q Тип электронного формата cover
u URL https://urait.ru/book/cover/D56324B6-7827-4DBD-8552-9C280A852AA9
911 __
u 0030=https://urait.ru/bcode/598541
911 __
u 073a=9785534186550
u 073d=2239.00
911 __
u 106a=s
911 __
u 900l=
952 Тип литературы __
i Дисциплина Безопасность жизнедеятельности
952 Тип литературы __
i Дисциплина Основы безопасности жизнедеятельности
952 Тип литературы __
i Дисциплина Материаловедение
952 Тип литературы __
i Дисциплина Архитектурное материаловедение
952 Тип литературы __
i Дисциплина Основы технологии материалов
952 Тип литературы __
i Дисциплина Строительные материалы
952 Тип литературы __
i Дисциплина Технология конструкционных материалов
952 Тип литературы __
i Дисциплина Материаловедение. Технология конструкционных материалов
952 Тип литературы __
i Дисциплина Материаловедение и технология конструкционных материалов
952 Тип литературы __
i Дисциплина Основы материаловедения
952 Тип литературы __
i Дисциплина Общее материаловедение и технологии материалов
952 Тип литературы __
i Дисциплина Строительные материалы и изделия
952 Тип литературы __
i Дисциплина Материалы и изделия
952 Тип литературы __
i Дисциплина Материаловедение и технологическое оборудование
952 Тип литературы __
i Дисциплина Материаловедение, электрорадиоматериалы и радиокомпоненты
952 Тип литературы __
i Дисциплина Материалы и изделия сантехнических устройств и систем обеспечения микроклимата
952 Тип литературы __
i Дисциплина Металловедение
952 Тип литературы __
i Дисциплина Основы материаловедения и технологии обработки материалов на металлорежущих станках
952 Тип литературы __
i Дисциплина Основы материаловедения и технология общеслесарных работ
952 Тип литературы __
i Дисциплина Электроматериаловедение
952 Тип литературы __
i Дисциплина Основы технической механики и слесарных работ
952 Тип литературы __
i Дисциплина Электронное материаловедение
952 Тип литературы __
i Дисциплина Материаловедение и основы технологии композитов
952 Тип литературы __
i Дисциплина Общее и специальное материаловедение
952 Тип литературы __
i Дисциплина Основы электроматериаловедения
952 Тип литературы __
i Дисциплина Материаловедение и технология
952 Тип литературы __
i Дисциплина Безопасность жизнедеятельности (общий курс)
952 Тип литературы __
i Дисциплина Безопасность жизнедеятельности в профессиональной сфере
952 Тип литературы __
i Дисциплина Технологии конструкционных материалов
952 Тип литературы __
i Дисциплина Современные строительные материалы
952 Тип литературы __
i Дисциплина Материаловедение, технологии конструкционных материалов
952 Тип литературы __
i Дисциплина Безопасные условия жизнедеятельности
952 Тип литературы __
i Дисциплина жизнедеятельности и здорового образа
952 Тип литературы __
i Дисциплина Основы металловедения
952 Тип литературы __
i Дисциплина Материаловедение и ТКМ
952 Тип литературы __
i Дисциплина Материаловедение и технология материалов
952 Тип литературы __
i Дисциплина Материаловедение и технология конструктивных материалов
952 Тип литературы __
i Дисциплина Материаловедение. Общие вопросы
952 Тип литературы __
i Дисциплина Здоровье и безопасности жизнедеятельности
952 Тип литературы __
i Дисциплина Безопасность жизнедеятельности. Общие вопросы
952 Тип литературы __
i Дисциплина Общее материаловедение
952 Тип литературы __
i Дисциплина Основы современного материаловедения
952 Тип литературы __
i Дисциплина Здоровья и безопасности жизнедеятельности
952 Тип литературы __
i Дисциплина БЖД
952 Тип литературы __
i Дисциплина Технология конструкционных материалов и материаловедение
952 Тип литературы __
i Дисциплина Технология материалов и материаловедение
952 Тип литературы __
i Дисциплина Безопасная жизнедеятельность
952 Тип литературы __
i Дисциплина Основы БЖД
952 Тип литературы __
i Дисциплина Общее материаловедение и технология материалов
952 Тип литературы __
i Дисциплина Современное материаловедение
952 Тип литературы __
i Дисциплина Основы комплексной безопасности
952 Тип литературы __
i Дисциплина Введение в материаловедение
952 Тип литературы __
i Дисциплина здоровье и Безопасность жизнедеятельности
952 Тип литературы __
i Дисциплина Обеспечение безопасности жизнедеятельности
952 Тип литературы __
i Дисциплина Материаловедение и ТМ
952 Тип литературы __
i Дисциплина Основы безопасности и жизнедеятельности
952 Тип литературы __
i Дисциплина Современные строительные материалы и изделия
952 Тип литературы __
i Дисциплина Азбука безопасности и выживания человека в экстремальных ситуациях
952 Тип литературы __
i Дисциплина Основы материаловедения и технологии общеслесарных работ
952 Тип литературы __
i Дисциплина Материаловедение и основы древесиноведения
952 Тип литературы __
i Дисциплина Основы материаловедения и общеслесарных работ
952 Тип литературы __
i Дисциплина Выполнение типовых формовочных, гуммировочных работ